000 02050cam a22005174i 4500
003 PE-LiUPU
005 20250731180102.0
008 150617s r 000 0 d
035 _a(Sirsi) a17757
040 _aPE-LiUPU
_bspa
_cPE-LiUPU
_erda
049 _aPRUA
082 0 4 _a530.11
_bM63
_221
100 1 _aMiró Quesada, Oscar,
_d1884-1981,
_eautor.
245 1 3 _aLa relatividad y los quanta /
_cOscar Miro Quesada.
264 1 _aLima :
_bMegaprint,
_c1989.
300 _a247 páginas ;
_c21 cm.
336 _atext
_2rdacontent
337 _aunmediated
_2rdamedia
338 _avolume
_2rdacarrier
505 0 _aLa teoría mecanista. -Declinación de la teoría mecanista. -La teoría del campo. -Los sistemas de referencia. -La composición de velocidades. -La muerte del éter. -La dislocación del tiempo. -La variación de los tamaños. -El espacio de cuatro dimenciones. -La gravitación y el peso de la luz. -El espacio curvo. -El progreso de la ciencia. -La falla de Euclides. -resumen de la teoría de la relatividad. -Continuidad y discuntinuidad. -El quantum de la luz. -Ondas y corpúsculos. -Naturaleza de la onda asociada. -Las ondas de probabilidad.
526 _aSEG44
526 _aSEG26
526 _aP159
526 _aP155
526 _aP154
526 _aP153
526 _aP150
526 _aP100
526 _aP31
526 _aP30
526 _aP26
526 _aP25
526 _aP24
526 _aP22
526 _aP15
526 _aP10
650 0 4 _aRelatividad (Física).
650 0 4 _aTeoría cuántica.
910 _ajck
_bjvq
_cjck
_d20150616
942 _2ddc
_cBOOK
949 _a530.11 M63
_wDEWEY
_c1
_i34467
_lCCODEBUL1
_mBUL
_p00.00
_r0
_sY
_tBOOK
_u19930908
_xEDUCACION
_zUNKNOWN
_0COMPRA
_o.STAFF. Colección General
994 _aC0
_bPEPRU
596 _a1
999 _a530.11 M63
_wDEWEY
_c17372
_i34467
_f2021-11-5
_g6
_lCCODEBUL1
_mBUL
_r0
_sN
_tBOOK
_u2015-6-17
_xBIBLIOTECA
_zUNKNOWN
_0COMPRA
_o.STAFF. Colección General
_d17372
980 _81
_gALBERTO SANCHEZ Responsable de Automatización